000 00527nam a22002417a 4500
003 UA-OsUOA
001 22207
007 ta
008 20031217b un ||||| |||| 00| 0 ukr d
100 _aЧаадаев П. Я.
090 _a111
_bЧ-12
942 _cBK
040 _aUA-OsUOA
_brus
_cUA-OsUOA
_dUA-OsUOA
245 _aСочинения
300 _a665 с.
955 _a0
041 _arus
080 _a111
260 _aМосква
_bПравда
_c1989
044 _aRU
650 7 _2UDC
999 _c308423
_d308423